| 000 | 00432 a2200157 4500 | ||
|---|---|---|---|
| 999 |
_c320927 _d320927 |
||
| 001 | 85854 | ||
| 003 | NUST | ||
| 005 | 20180121115509.0 | ||
| 008 | 180121b xxu||||| |||| 00| 0 eng d | ||
| 020 | _a0256025304 | ||
| 082 | _a658.83 BOY | ||
| 100 |
_aHarper W Boyd ; Ralph L Westfall ; Stanley F Stasch _99338 |
||
| 245 |
_aMarketing research : text and cases _hEnglish |
||
| 250 | _a5th | ||
| 260 |
_aHomewood _bR.D. Irwin _c1981 |
||
| 300 | _axiv, 693 p. | ||
| 500 | _aGifted By AM Masood Akhtar | ||
| 942 |
_acaenust _cBK _k658.83 BOY _2ddc |
||